[Event "Bayern-chI Bank Hofmann 26th"]
[Site "Tegernsee"]
[Date "2023.10.29"]
[Round "2"]
[White "Kulon, Klaudia"]
[Black "Schaffarczyk, Andre"]
[Result "1-0"]
[WhiteElo "2319"]
[BlackElo "2118"]
[PlyCount "81"]
[EventDate "2023.10.28"]
[EventType "swiss"]
[EventRounds "9"]
[EventCountry "GER"]
[SourceTitle "CBM 217 Extra"]
[Source "ChessBase"]
[SourceDate "2024.01.31"]
[SourceVersion "1"]
[SourceVersionDate "2024.01.31"]
[SourceQuality "1"]

1. d4 d5 2. Bg5 h6 3. Bh4 c6 4. e3 Qb6 5. Nf3 Bf5 6. Nbd2 e6 7. Be2 Nd7 8. 0-0 Ngf6 9. b3 Ba3 10. Ne1 0-0 11. Bd3 Bxd3 12. Nxd3 a5 13. c4 Qa6 14. Qc2 Bd6 15. c5 Be7 16. Ne5 Rfe8 17. Bxf6 Nxf6 18. f4 Qe2 19. Rae1 Qh5 20. h3 Qf5 21. Qd1 Ne4 22. g4 Qh7 23. Nxe4 Qxe4 24. Qd2 f6 25. Nd3 g5 26. Nf2 Qg6 27. e4 Bd8 28. f5 exf5 29. gxf5 Qh5 30. exd5 cxd5 31. Rxe8+ Qxe8 32. Re1 Qf7 33. Re6 h5 34. Qe2 Kf8 35. Qf3 Bc7 36. Qxd5 Rd8 37. Qc4 Qd7 38. Rxf6+ Kg7 39. Rg6+ Kh8 40. Qe2 Qh7 41. Qe6 1-0

[Event "Oberliga NRW 2223"]
[Site "Germany"]
[Date "2023.04.16"]
[Round "7.6"]
[White "Schaffarczyk, Andre"]
[Black "Wichtrup, Jan Louis"]
[Result "1-0"]
[WhiteElo "2157"]
[BlackElo "2162"]
[PlyCount "57"]
[EventDate "2022.09.11"]
[EventType "team-tourn"]
[EventRounds "9"]
[EventCountry "GER"]
[SourceTitle "EXT 2025"]
[Source "ChessBase"]
[SourceDate "2024.10.14"]
[SourceVersion "1"]
[SourceVersionDate "2024.10.14"]
[SourceQuality "1"]
[WhiteTeam "Lieme"]
[BlackTeam "Muenster"]
[WhiteTeamCountry "GER"]
[BlackTeamCountry "GER"]

1. e4 e5 2. Nf3 Nc6 3. Bc4 Bc5 4. b4 Bxb4 5. c3 Ba5 6. d4 d6 7. Qb3 Qd7 8. 0-0 Bb6 9. Nbd2 Na5 10. Qc2 Nxc4 11. Nxc4 exd4 12. cxd4 Ne7 13. a4 Nc6 14. Qc3 a5 15. Nxb6 cxb6 16. d5 Ne7 17. Bb2 f6 18. Nd4 Qd8 19. Nb5 0-0 20. Qg3 Bd7 21. Nxd6 Qb8 22. Rfc1 Nc8 23. Nxb7 Qxg3 24. hxg3 b5 25. Rc7 Be8 26. axb5 a4 27. Ba3 Rf7 28. Rxf7 Kxf7 29. Rc1 1-0

[Event "Bayern-chI Bank Hofmann 24th"]
[Site "Tegernsee"]
[Date "2021.10.30"]
[Round "1"]
[White "Schaffarczyk, Andre"]
[Black "Gumularz, Szymon"]
[Result "0-1"]
[WhiteElo "2127"]
[BlackElo "2534"]
[PlyCount "44"]
[EventDate "2021.10.30"]
[EventType "swiss"]
[EventRounds "9"]
[EventCountry "GER"]
[SourceTitle "CBM 205 Extra"]
[Source "ChessBase"]
[SourceDate "2022.01.31"]
[SourceVersion "1"]
[SourceVersionDate "2022.01.31"]
[SourceQuality "1"]

1. e4 d6 2. d4 Nf6 3. Nc3 g6 4. Nf3 Bg7 5. Be2 0-0 6. 0-0 a6 7. a4 Nc6 8. d5 Nb4 9. a5 e6 10. Ra4 c5 11. dxe6 Bxe6 12. Bf4 d5 13. Nxd5 Nfxd5 14. exd5 Qxd5 15. Qxd5 Bxd5 16. c3 Rfe8 17. cxb4 Rxe2 18. bxc5 Rxb2 19. Be5 Rc2 20. Bxg7 Kxg7 21. Ne5 Re8 22. Re1 Rxe5 0-1

[Event "NRW Class1 1819"]
[Site "Germany"]
[Date "2019.05.12"]
[Round "9.5"]
[White "Kemper, Georg"]
[Black "Schaffarczyk, Andre"]
[Result "1-0"]
[WhiteElo "2010"]
[BlackElo "2153"]
[PlyCount "71"]
[EventDate "2018.09.16"]
[EventType "team-tourn"]
[EventRounds "9"]
[EventCountry "GER"]
[SourceTitle "EXT 2023"]
[Source "ChessBase"]
[SourceDate "2022.10.05"]
[SourceVersion "1"]
[SourceVersionDate "2022.10.05"]
[SourceQuality "1"]
[WhiteTeam "Nienberge"]
[BlackTeam "Lieme"]
[WhiteTeamCountry "GER"]
[BlackTeamCountry "GER"]

1. d4 d5 2. c4 e6 3. Nf3 Nf6 4. g3 Bb4+ 5. Bd2 Bd6 6. Bg2 0-0 7. Qc2 c6 8. 0-0 Ne4 9. Bf4 Bxf4 10. gxf4 Nd7 11. Ne5 Nd6 12. Nd2 f6 13. Nd3 f5 14. e3 Nf6 15. c5 Nf7 16. Nf3 Bd7 17. b4 Kh8 18. Nde5 Be8 19. a4 Ne4 20. Rfb1 g5 21. Nxf7+ Bxf7 22. fxg5 Nxg5 23. Ne5 Bh5 24. f4 Ne4 25. Bxe4 fxe4 26. Qf2 Qc7 27. h3 Rf5 28. Kh2 Raf8 29. Rg1 b6 30. cxb6 axb6 31. Rac1 Rxe5 32. dxe5 c5 33. Rg5 Bf3 34. Qg3 c4 35. Rg1 Qd8 36. Rg7 1-0

[Event "NRW Class1 1819"]
[Site "Germany"]
[Date "2019.04.14"]
[Round "8.6"]
[White "Winkel, Peter"]
[Black "Schaffarczyk, Andre"]
[Result "1-0"]
[WhiteElo "2143"]
[BlackElo "2081"]
[PlyCount "55"]
[EventDate "2018.09.16"]
[EventType "team-tourn"]
[EventRounds "9"]
[EventCountry "GER"]
[SourceTitle "EXT 2022"]
[Source "ChessBase"]
[SourceDate "2021.10.06"]
[SourceVersion "1"]
[SourceVersionDate "2021.10.06"]
[SourceQuality "1"]
[WhiteTeam "Krefelder Turm"]
[BlackTeam "Lieme"]
[WhiteTeamCountry "GER"]
[BlackTeamCountry "GER"]

1. d4 d5 2. c4 e6 3. Nf3 Nf6 4. Nc3 Be7 5. Bf4 0-0 6. e3 b6 7. Bd3 dxc4 8. Bxc4 Ba6 9. Qe2 Bxc4 10. Qxc4 c5 11. 0-0 Qc8 12. Nb5 Qa6 13. Qb3 Nd5 14. Bg3 Rc8 15. Rfc1 Nc6 16. e4 Na5 17. Qa4 Nb4 18. Nc7 Qe2 19. Nxa8 Rxa8 20. dxc5 Nd3 21. Rc2 b5 22. Rxe2 bxa4 23. Bd6 Bxd6 24. cxd6 Nc4 25. d7 Ndxb2 26. Rc1 a3 27. Rec2 Rb8 28. h3 1-0

[Event "Bayern-chI Bank Hofmann 22nd"]
[Site "Tegernsee"]
[Date "2018.10.30"]
[Round "4"]
[White "Schaffarczyk, Andre"]
[Black "Morawietz, Dieter"]
[Result "0-1"]
[WhiteElo "2154"]
[BlackElo "2408"]
[PlyCount "60"]
[EventDate "2018.10.27"]
[EventType "swiss"]
[EventRounds "9"]
[EventCountry "GER"]
[SourceTitle "CBM 187 Extra"]
[Source "ChessBase"]
[SourceDate "2018.11.04"]
[SourceVersion "1"]
[SourceVersionDate "2018.11.04"]
[SourceQuality "1"]

1. e4 c5 2. Nf3 e6 3. b3 a6 4. Bb2 Nc6 5. g3 d5 6. exd5 exd5 7. Qe2+ Qe7 8. Qxe7+ Ngxe7 9. Bg2 Nf5 10. 0-0 Be7 11. d3 0-0 12. Nbd2 Be6 13. Rfe1 Rac8 14. a3 Rfd8 15. Ne5 Nxe5 16. Bxe5 Nd4 17. Rac1 Nc6 18. Bb2 b5 19. Nf3 a5 20. c4 b4 21. axb4 Nxb4 22. Red1 dxc4 23. dxc4 Nd3 24. Rb1 Nxb2 25. Rxd8+ Rxd8 26. Rxb2 Rd1+ 27. Bf1 Bg4 28. Nd2 Bf6 29. Rc2 Bh3 30. g4 h6 0-1

[Event "NRW Class1 1718"]
[Site "Germany"]
[Date "2017.11.19"]
[Round "3.5"]
[White "Schaffarczyk, Andre"]
[Black "Langers, Alexander"]
[Result "0-1"]
[WhiteElo "2090"]
[BlackElo "2166"]
[PlyCount "78"]
[EventDate "2017.09.17"]
[EventType "team-tourn"]
[EventRounds "9"]
[EventCountry "GER"]
[SourceTitle "EXT 2019"]
[Source "ChessBase"]
[SourceDate "2018.10.10"]
[SourceVersion "1"]
[SourceVersionDate "2018.10.10"]
[SourceQuality "1"]
[WhiteTeam "Lieme"]
[BlackTeam "Erkenschwick"]
[WhiteTeamCountry "GER"]
[BlackTeamCountry "GER"]

1. e4 c5 2. Nf3 e6 3. d4 cxd4 4. Nxd4 Nc6 5. Nc3 Qc7 6. Be3 Nf6 7. Qf3 a6 8. 0-0-0 Nxd4 9. Bxd4 e5 10. Qg3 d6 11. Be3 Be6 12. f3 Be7 13. Qf2 0-0 14. Kb1 b5 15. g4 b4 16. Na4 Nd7 17. b3 Rfc8 18. Bd3 Qc6 19. h4 a5 20. Qe2 Qb7 21. Bb5 Rc7 22. Bxd7 Rxd7 23. Nb6 a4 24. Nxa8 Qxa8 25. Qb5 axb3 26. cxb3 d5 27. exd5 Rxd5 28. Rxd5 Bxd5 29. Qa4 Qd8 30. Rd1 Be4+ 31. fxe4 Qxd1+ 32. Bc1 Qd3+ 33. Kb2 Qd4+ 34. Kb1 Qxe4+ 35. Kb2 Qd4+ 36. Kb1 Qe4+ 37. Kb2 Qxg4 38. Bg5 Qd4+ 39. Kb1 Bf8 0-1

[Event "NRW Class1 1718"]
[Site "Germany"]
[Date "2017.09.17"]
[Round "1.5"]
[White "Schaffarczyk, Andre"]
[Black "Goessling, Guido"]
[Result "1-0"]
[WhiteElo "2090"]
[BlackElo "2127"]
[PlyCount "59"]
[EventDate "2017.09.17"]
[EventType "team-tourn"]
[EventRounds "9"]
[EventCountry "GER"]
[SourceTitle "EXT 2019"]
[Source "ChessBase"]
[SourceDate "2018.10.10"]
[SourceVersion "1"]
[SourceVersionDate "2018.10.10"]
[SourceQuality "1"]
[WhiteTeam "Lieme"]
[BlackTeam "Bielefeld"]
[WhiteTeamCountry "GER"]
[BlackTeamCountry "GER"]

1. e4 e5 2. Nf3 Nc6 3. Bc4 Bc5 4. c3 Nf6 5. d4 exd4 6. e5 d5 7. Bb5 Ne4 8. cxd4 Bb4+ 9. Bd2 Bxd2+ 10. Nbxd2 0-0 11. Bxc6 bxc6 12. 0-0 Rb8 13. Nb3 Bg4 14. Qd3 Bxf3 15. Qxf3 f6 16. Qe3 fxe5 17. dxe5 Qe7 18. f3 Nd6 19. Na5 Nf5 20. Qc3 Qg5 21. Nxc6 Rb6 22. f4 Qg6 23. Rac1 Kh8 24. Qa3 Re8 25. Qc3 Nh4 26. Rf2 h6 27. Nd4 Rf8 28. Rcc2 c6 29. Qa3 Rf7 30. e6 1-0

[Event "NRW Class1 1617"]
[Site "Germany"]
[Date "2017.03.26"]
[Round "8.4"]
[White "Schaffarczyk, Andre"]
[Black "Schiffer, Stefan"]
[Result "0-1"]
[WhiteElo "2187"]
[BlackElo "2207"]
[PlyCount "98"]
[EventDate "2016.09.25"]
[EventType "team-tourn"]
[EventRounds "9"]
[EventCountry "GER"]
[SourceTitle "EXT 2023"]
[Source "ChessBase"]
[SourceDate "2022.10.05"]
[SourceVersion "1"]
[SourceVersionDate "2022.10.05"]
[SourceQuality "1"]
[WhiteTeam "Lieme"]
[BlackTeam "Bruehl"]
[WhiteTeamCountry "GER"]
[BlackTeamCountry "GER"]

1. e4 e6 2. d4 d5 3. Nc3 Nf6 4. e5 Nfd7 5. f4 c5 6. Nf3 Nc6 7. Be3 Be7 8. Qd2 0-0 9. Nd1 f6 10. c3 Qa5 11. Be2 b6 12. 0-0 Ba6 13. Bxa6 Qxa6 14. Bf2 Rad8 15. Ne3 Qa5 16. Rfd1 b5 17. Qe2 fxe5 18. Nxe5 Ndxe5 19. fxe5 cxd4 20. cxd4 Rf4 21. Nc2 Qb6 22. Be3 Re4 23. Qh5 Rh4 24. Qf3 Rf8 25. Qg3 g6 26. Rf1 Re4 27. Rxf8+ Bxf8 28. Qf2 Bg7 29. Rf1 Qc7 30. Bg5 a6 31. Qd2 Qa7 32. Qc3 Qb6 33. Kh1 a5 34. Qh3 Nb4 35. Qc3 Qc6 36. Nxb4 Qxc3 37. bxc3 axb4 38. Bd2 Re2 39. Rd1 bxc3 40. Bxc3 Rxa2 41. Rb1 Rc2 42. Bb4 Bh6 43. g3 Rc1+ 44. Rxc1 Bxc1 45. Kg2 Bb2 46. Bc5 Bc3 47. Kf3 b4 48. Ke2 b3 49. Kd3 b2 0-1

[Event "Bayern-chI Bank Hofmann 20th"]
[Site "Bad Wiessee"]
[Date "2016.11.03"]
[Round "6"]
[White "Schaffarczyk, Andre"]
[Black "Schneider, Jana"]
[Result "0-1"]
[WhiteElo "2187"]
[BlackElo "2046"]
[PlyCount "78"]
[EventDate "2016.10.29"]
[EventType "swiss"]
[EventRounds "9"]
[EventCountry "GER"]
[SourceTitle "CBM 175 Extra"]
[Source "ChessBase"]
[SourceDate "2016.12.12"]
[SourceVersion "1"]
[SourceVersionDate "2016.12.12"]
[SourceQuality "1"]

1. e4 e6 2. d4 d5 3. Nc3 Nf6 4. e5 Nfd7 5. f4 c5 6. Nf3 Be7 7. Be3 b6 8. Qd2 Nc6 9. Bb5 Qc7 10. f5 Ndb8 11. 0-0 a6 12. f6 gxf6 13. exf6 Bd6 14. Rae1 Kd8 15. dxc5 bxc5 16. Bc4 Bd7 17. Bxd5 exd5 18. Nxd5 Qb7 19. Nb6 Bxh2+ 20. Nxh2 Qxb6 21. Qd5 Nd4 22. Qxf7 Ne6 23. Qe7+ Kc8 24. f7 Nc6 25. Qd6 Qc7 26. f8Q+ Nxf8 27. Rxf8+ Rxf8 28. Qxf8+ Kb7 29. Qxc5 Rg8 30. Qd5 Rg6 31. Rf1 Be6 32. Qf3 Qg7 33. c3 Qg8 34. Qe2 Bc4 35. Qd2 Bxf1 36. Kxf1 Qc4+ 37. Kg1 Ne5 38. Qd4 Qc6 39. g4 Rxg4+ 0-1

[Event "Bayern-chI Bank Hofmann 20th"]
[Site "Bad Wiessee"]
[Date "2016.11.02"]
[Round "5"]
[White "Debashis, Das"]
[Black "Schaffarczyk, Andre"]
[Result "1-0"]
[WhiteElo "2478"]
[BlackElo "2187"]
[PlyCount "67"]
[EventDate "2016.10.29"]
[EventType "swiss"]
[EventRounds "9"]
[EventCountry "GER"]
[SourceTitle "CBM 175 Extra"]
[Source "ChessBase"]
[SourceDate "2016.12.12"]
[SourceVersion "1"]
[SourceVersionDate "2016.12.12"]
[SourceQuality "1"]

1. e4 c5 2. Nf3 d6 3. d4 cxd4 4. Nxd4 Nf6 5. Nc3 e6 6. g4 Nc6 7. g5 Nd7 8. Be3 Be7 9. h4 0-0 10. f4 a6 11. a3 Nxd4 12. Qxd4 b5 13. 0-0-0 Bb7 14. h5 e5 15. Qd2 exf4 16. Bxf4 Ne5 17. Be2 Rc8 18. Kb1 Qc7 19. Rhg1 Rfe8 20. Rdf1 Bf8 21. g6 fxg6 22. hxg6 Nxg6 23. Bh5 Qc4 24. Bxg6 hxg6 25. Qh2 Rc5 26. Bxd6 Bxd6 27. Qxd6 Rg5 28. Rh1 Bxe4 29. Nxe4 Qxe4 30. Qxa6 Rg2 31. Qxb5 Rxc2 32. Ka1 Rec8 33. Qb3+ Qc4 34. Qh3 1-0

[Event "NRW Class2 1516"]
[Site "Germany"]
[Date "2016.05.08"]
[Round "9.4"]
[White "Schaffarczyk, Andre"]
[Black "Seegers, Hendrik"]
[Result "1/2-1/2"]
[WhiteElo "2119"]
[BlackElo "2130"]
[PlyCount "20"]
[EventDate "2015.09.27"]
[EventType "team-tourn"]
[EventRounds "9"]
[EventCountry "GER"]
[SourceTitle "EXT 2017"]
[Source "ChessBase"]
[SourceDate "2016.10.25"]
[SourceVersion "1"]
[SourceVersionDate "2016.10.25"]
[SourceQuality "1"]
[WhiteTeam "Lieme"]
[BlackTeam "Neuenkirchen"]
[WhiteTeamCountry "GER"]
[BlackTeamCountry "GER"]

1. e4 d5 2. exd5 Nf6 3. d4 Nxd5 4. Nf3 g6 5. Be2 Bg7 6. 0-0 0-0 7. Re1 Re8 8. Na3 Nd7 9. c4 N5f6 10. Bf4 a6 1/2-1/2

[Event "NRW Class2 1516"]
[Site "Germany"]
[Date "2016.02.14"]
[Round "6.3"]
[White "Schaffarczyk, Andre"]
[Black "Springer, Ralf"]
[Result "1-0"]
[WhiteElo "2119"]
[BlackElo "2097"]
[PlyCount "91"]
[EventDate "2015.09.27"]
[EventType "team-tourn"]
[EventRounds "9"]
[EventCountry "GER"]
[SourceTitle "EXT 2017"]
[Source "ChessBase"]
[SourceDate "2016.10.25"]
[SourceVersion "1"]
[SourceVersionDate "2016.10.25"]
[SourceQuality "1"]
[WhiteTeam "Lieme"]
[BlackTeam "Ratingen"]
[WhiteTeamCountry "GER"]
[BlackTeamCountry "GER"]

1. e4 d5 2. exd5 Qxd5 3. Nc3 Qd8 4. d4 Nf6 5. Bc4 a6 6. Nf3 b5 7. Bb3 c5 8. dxc5 Qxd1+ 9. Nxd1 e6 10. a4 b4 11. a5 Bxc5 12. 0-0 0-0 13. Ne5 Nd5 14. Bd2 Nd7 15. Nd3 Rb8 16. Ra4 Bd6 17. Bxd5 exd5 18. Bxb4 Bxb4 19. Rxb4 Bb7 20. Nc3 Bc6 21. Re1 Rfc8 22. Rd4 Nf6 23. f3 Bb5 24. Nf4 Bc4 25. Nd1 g5 26. Nh3 h6 27. b3 Bb5 28. Ne3 Bd7 29. Nf2 Rb5 30. b4 Be6 31. Nd3 Nd7 32. h4 Nb8 33. hxg5 hxg5 34. Nc5 Nc6 35. Nxe6 fxe6 36. Rg4 Rxb4 37. Rxg5+ Kf7 38. Ng4 Rb5 39. f4 Rb4 40. Nh6+ Kf6 41. Ng4+ Kf7 42. f5 exf5 43. Nh6+ Kf6 44. Rxf5+ Kg7 45. Re6 Rc7 46. Rg5+ 1-0

[Event "NRW Class2 1516"]
[Site "Germany"]
[Date "2016.01.10"]
[Round "5.4"]
[White "Schaffarczyk, Andre"]
[Black "Rybarczyk, Klaus"]
[Result "0-1"]
[WhiteElo "2119"]
[BlackElo "2165"]
[PlyCount "40"]
[EventDate "2015.09.27"]
[EventType "team-tourn"]
[EventRounds "9"]
[EventCountry "GER"]
[SourceTitle "EXT 2017"]
[Source "ChessBase"]
[SourceDate "2016.10.25"]
[SourceVersion "1"]
[SourceVersionDate "2016.10.25"]
[SourceQuality "1"]
[WhiteTeam "Lieme"]
[BlackTeam "Niederkassel"]
[WhiteTeamCountry "GER"]
[BlackTeamCountry "GER"]

1. e4 c5 2. Nf3 d6 3. d4 cxd4 4. Nxd4 Nf6 5. Nc3 a6 6. Bg5 Nbd7 7. f4 Qa5 8. Qf3 h6 9. Bxf6 Nxf6 10. f5 g5 11. fxg6 fxg6 12. Qg3 Ng4 13. 0-0-0 Bg7 14. Kb1 Qc5 15. Nb3 Qe5 16. Qe1 0-0 17. Bc4+ e6 18. Rd2 b5 19. Bd3 b4 20. Na4 Bd7 0-1

[Event "NRW Class2 1516"]
[Site "Germany"]
[Date "2015.12.20"]
[Round "4.3"]
[White "Schaffarczyk, Andre"]
[Black "Tkachuk, Konstantyn"]
[Result "1-0"]
[WhiteElo "2119"]
[BlackElo "2259"]
[PlyCount "67"]
[EventDate "2015.09.27"]
[EventType "team-tourn"]
[EventRounds "9"]
[EventCountry "GER"]
[SourceTitle "EXT 2017"]
[Source "ChessBase"]
[SourceDate "2016.10.25"]
[SourceVersion "1"]
[SourceVersionDate "2016.10.25"]
[SourceQuality "1"]
[WhiteTeam "Lieme"]
[BlackTeam "Bochum II"]
[WhiteTeamCountry "GER"]
[BlackTeamCountry "GER"]

1. e4 c5 2. Nf3 d6 3. d4 cxd4 4. Nxd4 Nf6 5. Nc3 g6 6. Be3 Bg7 7. f3 0-0 8. Qd2 Nc6 9. 0-0-0 d5 10. exd5 Nxd5 11. Nxc6 bxc6 12. Bd4 e5 13. Bc5 Be6 14. Ne4 Rb8 15. h4 f5 16. Ng5 e4 17. b3 e3 18. Bxe3 Nxe3 19. Qxe3 Bd5 20. Bc4 Qa5 21. Bxd5+ cxd5 22. Qe6+ Kh8 23. Nf7+ Rxf7 24. Qxf7 Qc3 25. Qxd5 Rc8 26. Qd3 Qb2+ 27. Kd2 Bf6 28. Ke2 Rxc2+ 29. Rd2 Qe5+ 30. Qe3 Qb5+ 31. Qd3 Qe5+ 32. Qe3 Qb5+ 33. Kd1 Rc6 34. Qe8+ 1-0

[Event "NRW Class2 1516"]
[Site "Germany"]
[Date "2015.11.22"]
[Round "3.4"]
[White "Plass, Mariana Camelia"]
[Black "Schaffarczyk, Andre"]
[Result "0-1"]
[WhiteElo "2003"]
[BlackElo "2119"]
[PlyCount "50"]
[EventDate "2015.09.27"]
[EventType "team-tourn"]
[EventRounds "9"]
[EventCountry "GER"]
[SourceTitle "EXT 2017"]
[Source "ChessBase"]
[SourceDate "2016.10.25"]
[SourceVersion "1"]
[SourceVersionDate "2016.10.25"]
[SourceQuality "1"]
[WhiteTeam "Sundern"]
[BlackTeam "Lieme"]
[WhiteTeamCountry "GER"]
[BlackTeamCountry "GER"]

1. d4 d5 2. c4 e6 3. g3 Nf6 4. Bg2 Be7 5. Nf3 0-0 6. 0-0 c6 7. Qc2 Nbd7 8. Nbd2 b6 9. e4 Bb7 10. e5 Ne8 11. cxd5 cxd5 12. Re1 Rc8 13. Qa4 a5 14. Bf1 Nb8 15. Bd3 Ba6 16. Bb1 Nc6 17. a3 Qd7 18. Qd1 f6 19. exf6 Bxf6 20. Nf1 Nxd4 21. Nxd4 Rxc1 22. Qxc1 Bxd4 23. Ne3 Qb5 24. Nd1 Nd6 25. Rxe6 Qf1# 0-1

[Event "Bayern-chI Bank Hofmann 19th"]
[Site "Bad Wiessee"]
[Date "2015.11.03"]
[Round "4"]
[White "Milov, Leonid"]
[Black "Schaffarczyk, Andre"]
[Result "1-0"]
[WhiteElo "2472"]
[BlackElo "2148"]
[PlyCount "117"]
[EventDate "2015.10.31"]
[EventType "swiss"]
[EventRounds "9"]
[EventCountry "GER"]
[SourceTitle "CBM 169 Extra"]
[Source "ChessBase"]
[SourceDate "2015.12.18"]
[SourceVersion "1"]
[SourceVersionDate "2015.12.18"]
[SourceQuality "1"]

1. e4 c5 2. Nf3 d6 3. d4 cxd4 4. Nxd4 Nf6 5. Nc3 e6 6. g4 Nc6 7. g5 Nd7 8. Be3 Be7 9. h4 0-0 10. Qd2 a6 11. 0-0-0 Nxd4 12. Bxd4 b5 13. a3 Bb7 14. f4 e5 15. Be3 exf4 16. Bxf4 Ne5 17. Nd5 Re8 18. Bh3 Bf8 19. h5 Nc4 20. Qd4 Bxd5 21. Qxd5 Re5 22. Bxe5 Qxg5+ 23. Kb1 Qxe5 24. Qxe5 Nxe5 25. Rd5 Rb8 26. Bf1 g5 27. Be2 Kg7 28. c3 Be7 29. Kc2 Kf6 30. Rg1 Rg8 31. a4 bxa4 32. Ra5 g4 33. Rg3 Ke6 34. Rxa4 Bh4 35. Rg2 Be1 36. Kd1 Bh4 37. Rxa6 g3 38. Kc2 Rd8 39. Ra1 Kf6 40. Rf1+ Kg5 41. Rf5+ Kh6 42. b4 f6 43. Rf1 Re8 44. Rh1 Kg5 45. Rf1 Kh6 46. Kb3 Nf7 47. Rf4 Bg5 48. Rg4 Kxh5 49. R4xg3+ Kg6 50. Rh3 h6 51. Bh5+ Kg7 52. Ra2 Re7 53. Rd3 Bf4 54. Rf2 Be5 55. Bxf7 Kxf7 56. Rh3 Kg6 57. Rg2+ Kh7 58. Rg4 Rg7 59. Rxg7+ 1-0

[Event "Bayern-chI Bank Hofmann 18th"]
[Site "Bad Wiessee"]
[Date "2014.11.01"]
[Round "9"]
[White "Schaffarczyk, Andre"]
[Black "Wagner, Dennis"]
[Result "0-1"]
[WhiteElo "2133"]
[BlackElo "2490"]
[PlyCount "46"]
[EventDate "2014.10.25"]
[EventType "swiss"]
[EventRounds "9"]
[EventCountry "GER"]
[SourceTitle "EXT 2015"]
[Source "ChessBase"]
[SourceDate "2014.11.20"]
[SourceVersion "1"]
[SourceVersionDate "2014.11.20"]
[SourceQuality "1"]

1. e4 c5 2. Nf3 e6 3. d4 cxd4 4. Nxd4 a6 5. Nc3 Qc7 6. Bd3 Nf6 7. 0-0 d6 8. a4 b6 9. Be3 Bb7 10. f4 Nbd7 11. Qf3 g6 12. Rae1 Nc5 13. Kh1 Bg7 14. Bg1 0-0 15. Nb3 Nfd7 16. Bd4 e5 17. Nxc5 dxc5 18. Bxe5 Nxe5 19. fxe5 c4 20. Be2 Bxe5 21. Qh3 Rae8 22. Bf3 Bxc3 23. bxc3 Bc6 0-1

[Event "Bayern-chI Bank Hofmann 18th"]
[Site "Bad Wiessee"]
[Date "2014.10.28"]
[Round "5"]
[White "Schaffarczyk, Andre"]
[Black "Zude, Arno"]
[Result "1-0"]
[WhiteElo "2133"]
[BlackElo "2384"]
[PlyCount "111"]
[EventDate "2014.10.25"]
[EventType "swiss"]
[EventRounds "9"]
[EventCountry "GER"]
[SourceTitle "EXT 2015"]
[Source "ChessBase"]
[SourceDate "2014.11.20"]
[SourceVersion "1"]
[SourceVersionDate "2014.11.20"]
[SourceQuality "1"]

1. e4 e5 2. Nf3 Nc6 3. Nc3 Nf6 4. d4 exd4 5. Nxd4 Bb4 6. Nxc6 bxc6 7. Bd3 d5 8. exd5 cxd5 9. 0-0 0-0 10. h3 c6 11. Qf3 Re8 12. Bf4 Bd6 13. Ne2 Bxf4 14. Nxf4 Rb8 15. b3 Bd7 16. c4 d4 17. Nh5 Re5 18. Nxg7 Kxg7 19. Qg3+ Ng4 20. hxg4 Qe7 21. Rae1 Rxe1 22. Qxb8 Bxg4 23. Qf4 Rxf1+ 24. Kxf1 Qd7 25. Qg5+ Kf8 26. Qh6+ Ke8 27. Qxh7 Be6 28. Qh8+ Ke7 29. Qh4+ Ke8 30. Qh8+ Ke7 31. Qe5 Qd6 32. Qxd6+ Kxd6 33. b4 a5 34. a3 axb4 35. axb4 Ke5 36. Ke2 f5 37. Kf3 Bd7 38. Kg3 Bc8 39. Kh4 Kf6 40. Kg3 Ke5 41. Kh4 c5 42. bxc5 Bb7 43. g4 Be4 44. Bf1 d3 45. g5 f4 46. f3 d2 47. Be2 Bd3 48. Bd1 Bxc4 49. g6 Kd5 50. Kg4 Kxc5 51. Kxf4 Kd4 52. g7 Kd3 53. Ke5 Ke3 54. f4 Kf2 55. f5 Ke1 56. Bg4 1-0

[Event "Werther Schloss op 20th"]
[Site "Werther"]
[Date "2014.04.12"]
[Round "4"]
[White "Schaffarczyk, Andre"]
[Black "Vogt, Andreas"]
[Result "0-1"]
[WhiteElo "2151"]
[BlackElo "2269"]
[PlyCount "114"]
[EventDate "2014.04.10"]
[EventType "swiss"]
[EventRounds "7"]
[EventCountry "GER"]
[SourceTitle "CBM 159 Extra"]
[Source "ChessBase"]
[SourceDate "2014.04.24"]
[SourceVersion "1"]
[SourceVersionDate "2014.04.24"]
[SourceQuality "1"]

1. e4 e5 2. Nf3 Nc6 3. d4 exd4 4. Nxd4 Bc5 5. Nb3 Bb6 6. Qe2 a5 7. a4 Nf6 8. Bg5 0-0 9. N1d2 Re8 10. 0-0-0 d5 11. g3 h6 12. Bxf6 Qxf6 13. Bg2 Bf5 14. Rhe1 Rad8 15. Qf3 dxe4 16. Nxe4 Rxd1+ 17. Kxd1 Qd8+ 18. Kc1 Bg6 19. Qd1 Kf8 20. Qxd8 Nxd8 21. Rd1 Bxe4 22. Bxe4 Rxe4 23. Rxd8+ Ke7 24. Rg8 g6 25. Kd2 Rxa4 26. Rb8 Rb4 27. Kc3 Rb5 28. Kc4 Re5 29. Kd3 a4 30. Nd2 Rd5+ 31. Ke2 Re5+ 32. Kd3 Rd5+ 33. Ke2 Ba5 34. Nc4 b6 35. Nxa5 Rxa5 36. Rc8 Kd6 37. Rf8 Ke7 38. Rc8 Kd6 39. Rf8 Re5+ 40. Kd3 Rf5 41. f4 h5 42. Ra8 b5 43. c4 c6 44. Kd4 Kc7 45. Ra5 Kb7 46. cxb5 Rxb5 47. Rxa4 Rxb2 48. Ke5 Rxh2 49. f5 Rf2 50. fxg6 fxg6 51. Rd4 Rf5+ 52. Ke6 Rg5 53. Rd3 c5 54. Kf6 Rg4 55. Ke5 Kc6 56. Rc3 c4 57. Re3 Kc5 0-1